000 01191nam a22003497a 4500
003 CHAP
005 20220329134640.0
008 971013s1962 r 00010 d
010 _a23596
011 _a24568
035 _a28667
040 _cCHAP
090 _aFolleto 2165
100 0 0 _aChristensen, Clayde M.
_922902
245 _aDaños que causan en México los hongos de granos almacenados
260 _aMéxico, D.F. :
_bCentro Regional de Ayuda Técnia,
_c1962
300 _a27 p.
_b: ilus
490 _aINIA. Folleto técnico
_v; 44
590 _aBATCH-UPD
_b10
_c20130110
_lUCH01
_h1204
590 _aBATCH-UPD
_b10
_c20130410
_lUCH01
_h0746
590 _aBATCH-UPD
_b10
_c20130914
_lUCH01
_h0913
590 _aCONVERSION
_b10
_c20130109
_lUCH01
_h1314
650 1 4 _aCereales
_xAlmacenamiento.
_921373
650 1 4 _aHongos fitopatógenos.
_956132
700 0 _aLópez, Luis César.
_968466
830 0 _aINIA. Folleto técnico
_v; 44
_958463
901 _aBK
942 _cFOLL
949 _aFolleto 2165
_bBC
_cFOLL
_d-65990
_eTS1
_i28667
_mD
_si
949 _aFolleto 2165
_bBC
_cFOLL
_d-65991
_eTS2
_fc.2
_i28667
_mD
_si
949 _aFolleto 2165
_bBC
_cFOLL
_d-65992
_eTS2
_fc.3
_i28667
_mD
_si
999 _c23596
_d23596